00546 a2200157 4500020001500000082001300015090001500028100002400043245004000067260004300107300001900150650003700169942002100206999001700227952014400244 a9693520866 a891.4393 c7157d7157 aQasmi, Ahmad Nadeem aKapas Ka PhoolcQasmi, Ahmad Nadeem aLahorebSang-e-Meel Publicationsc2008 a240 p.c22 cm. a1. Urdu Literature-Short Stories cBKk891.4391 QAS c10961d10961 001040708FICaCLbCLcGENd2012-07-12eSaeed Book Bankg240.00l16m6o891.4391 QASpSEECS011360r2025-01-04s2025-01-01w2017-01-05yBK